000 00466nam a2200181Ia 4500
001 14991
005 20260306164955.0
008 260306t2013||||xx |||||||||||||| ||spa||
041 _aESP
082 _a519.53
_bS26
100 _aSarmiento Lugo, Benjamín
_eAUT
245 0 _aEstadística descriptiva:
_bintroducción al análisis de datos
260 _c2013
300 _a282 páginas :
_c24 cm.
650 _aGEN
654 _aCMA
942 _cLIB
_dJUS
_fJUS
_2ddc
_n
999 _c14991
_d14991